O asociácii náhodných veličín a kopuliach

Význam používania termínu asociácia. Kvalitatívne miery závislosti náhodných veličín. Pojem kopula. Vplyv kopuly na formulovanie a vyšetrovanie rôznych typov závislosti náhodných veličín. Zostrojenie náhodného vektoru, ktorého rozdelenie má predpísané vlastnosti pomocou kopúl.

Salvato in:
Dettagli Bibliografici
Autore principale: Volauf, Peter
Natura: Capitolo di libro
Lingua:slovacco
Soggetti:
Tags: Aggiungi Tag
Nessun Tag, puoi essere il primo ad aggiungerne!!

MARC

LEADER 00000naa$a2200000$$$4500
001 0039921
005 20220715093153.3
041 0 |a slo 
044 |a SK 
245 1 0 |a O asociácii náhodných veličín a kopuliach  |c Peter Volauf 
520 |a Význam používania termínu asociácia. Kvalitatívne miery závislosti náhodných veličín. Pojem kopula. Vplyv kopuly na formulovanie a vyšetrovanie rôznych typov závislosti náhodných veličín. Zostrojenie náhodného vektoru, ktorého rozdelenie má predpísané vlastnosti pomocou kopúl. 
610 2 0 |a metódy štatistické 
610 2 0 |a korelácia 
610 2 0 |a modely stochastické 
610 2 0 |a teória pravdepodobnosti 
610 2 0 |a modely distribučné 
610 2 0 |a koeficient korelácie 
100 1 |a Volauf, Peter